00357nam a2200133Ia 4500020001800000082002200018245003800040260002800078300001000106504002800116650004100144700001800185700002000203 a0-415-02030-1 aRR 808.88203 DIC- 0aDictionary of business quotations aLondonbRoutledgec1990 a172p. aIncludes index/Ref.book aBusiness - Quotations - Dictionaries aJames, Simon  aParker, Robert